Score 0/26 Timer 03:00
1 Play Today
Title 'H Word' % Correct
____ Comes the SunHere
99.1%
Highway to ____Hell
97.3%
____ School MusicalHigh
96.1%
10 Things I ____ About YouHate
94.9%
____ and SeekHide
94.9%
Monty Python and the ____ GrailHoly
94.6%
The ____ for Red OctoberHunt
89.4%
Black ____ DownHawk
89.2%
In the ____ of the NightHeat
88.7%
Sweet ____ ChicagoHome
88.5%
The ____ LockerHurt
88.3%
Rush ____Hour
86.3%
The Incredible ____Hulk
84.3%
Title 'H Word' % Correct
____ to HandleHard
82%
Annie ____Hall
80.1%
____ In My PocketHand
77.4%
Star Wars: A New ____Hope
75%
Running Up That ____Hill
74.4%
____ Don't LieHips
74.1%
Purple ____Haze
72.3%
Black ____ SunHole
68.5%
____ on SloopyHang
63.3%
____ the WorldHeal
46.8%
Cut Your ____Hair
37.1%
____ DreamsHoop
32.3%
____ UpHung
20.3%

Today's Daily Dose

You're not logged in!

Compare scores with friends on all Sporcle quizzes.
OR
Log In

Sporcle TV

Today on Sporcle TV


Watch our educational content, quiz creation guides, and fun videos on Sporcle TV.

Show Comments

Extras

Top Quizzes Today


Score Distribution

Paid Content

Your Account Isn't Verified!

In order to create a playlist on Sporcle, you need to verify the email address you used during registration. Go to your Sporcle Settings to finish the process.

Report this User

Report this user for behavior that violates our Community Guidelines.

Details: